000 00220nam a22000857a 4500
008 170616b xxu||||| |||| 00| 0 eng d
100 _93428
_aSally. V. K
245 _aScience lab manual - X
260 _aNew Delhi
_bG. B. P
_c2009
999 _c6796
_d6796